Central Library OPAC University of Rajshahi

লোককাহিনীর দিক-দিগন্ত / (Record no. 40890)

MARC details
000 -LEADER
fixed length control field 00796nam a2200241 a 4500
001 - CONTROL NUMBER
control field 40890
003 - CONTROL NUMBER IDENTIFIER
rucl marc code BD-RjUL
005 - DATE AND TIME OF LATEST TRANSACTION
control field 20211209053307.0
008 - FIXED-LENGTH DATA ELEMENTS--GENERAL INFORMATION
fixed length control field 160511s1976 bg ||||| |||| 00| 0 ben d
020 ## - INTERNATIONAL STANDARD BOOK NUMBER
Terms of availability : TK 15.00
035 ## - SYSTEM CONTROL NUMBER
System control number (BD-RjUL)41006
040 ## - CATALOGING SOURCE
Original cataloging agency BD-RjUL
Language of cataloging ben
Transcribing agency BD-RjUL
041 ## - LANGUAGE CODE
Language code of text/sound track or separate title ben
082 ## - DEWEY DECIMAL CLASSIFICATION NUMBER
Edition number 23
Classification number 398
Author mark and year HAL 1976
100 ## - MAIN ENTRY--PERSONAL NAME
Personal name হাফিজ, আবদুল
9 (RLIN) 124257
245 10 - TITLE STATEMENT
Title লোককাহিনীর দিক-দিগন্ত /
Statement of responsibility, etc. আবদুল হাফিজ
250 ## - EDITION STATEMENT
Edition statement ২য় সং.
260 ## - PUBLICATION, DISTRIBUTION, ETC. (IMPRINT)
Place of publication, distribution, etc. ঢাকা :
Name of publisher, distributor, etc. মুক্তধারা,
Date of publication, distribution, etc. ১৯৭৬
300 ## - PHYSICAL DESCRIPTION
Pagination ২০৬ পৃ. ;
Size ২১ সেমি.
650 ## - SUBJECT ADDED ENTRY--TOPICAL TERM
Topical term or geographic name as entry element ফোক সাহিত্য
9 (RLIN) 122187
Topical term or geographic name as entry element Folk Literature
9 (RLIN) 125863
942 ## - ADDED ENTRY ELEMENTS (KOHA)
Source of classification or shelving scheme Dewey Decimal Classification
Koha item type Books
Holdings
Lost status Source of classification or shelving scheme Damaged status Not for loan Collection code Permanent Location Current Location Shelving location Date acquired Source of acquisition Cost, normal purchase price Total Checkouts Full call number Date last seen Copy number Koha item type Date checked out
  Dewey Decimal Classification   Not For Loan Non-fiction Central Library, University of Rajshahi Central Library, University of Rajshahi Reading Room 24/02/1976 Muktodhara 15.00   B 398 HAL 1976 11/05/2016 C-1 Books  
  Dewey Decimal Classification     Non-fiction Central Library, University of Rajshahi Central Library, University of Rajshahi   24/02/1976 Muktodhara 15.00 2 B 398 HAL 1976 21/05/2026 C-3 Books 21/04/2026